| 000 | 00637nam a2200241Ia 4500 | ||
|---|---|---|---|
| 001 | 36769 | ||
| 005 | 20240114001907.0 | ||
| 007 | ta | ||
| 008 | 070508s1950 a g b000 u 465 u | ||
| 040 | _aCotton College,Assam | ||
| 041 | _a465 | ||
| 082 |
_a796.33 _bP 936 B |
||
| 100 | _aPringle, Patrick . | ||
| 245 | 0 |
_aThe Boys` Book of Soccer for 1951 / _cPatrick Pringle. _hTextual Documents |
|
| 250 | _a1st ed. / | ||
| 260 |
_aLondon : _bEvans Brothers Ltd. , _c1950. |
||
| 300 |
_a198p. : _bill ; _c22cm . |
||
| 653 | _aGames | ||
| 653 | _aG-Technology | ||
| 942 |
_2ddc _cBK |
||
| 999 |
_c36751 _d36751 |
||